KOHA-Header-6

Experimental psychology / (Record no. 12508)

000 -LEADER
fixed length control field 01428cam a2200349 a 4500
001 - CONTROL NUMBER
control field 15126315
003 - CONTROL NUMBER IDENTIFIER
control field MAJU-Karachi
005 - DATE AND TIME OF LATEST TRANSACTION
control field 20200916151859.0
008 - FIXED-LENGTH DATA ELEMENTS--GENERAL INFORMATION
fixed length control field 080103s2009 at a b 001 0 eng
010 ## - LIBRARY OF CONGRESS CONTROL NUMBER
LC control number 2008920142
020 ## - INTERNATIONAL STANDARD BOOK NUMBER
International Standard Book Number 9780495595335
020 ## - INTERNATIONAL STANDARD BOOK NUMBER
International Standard Book Number 0495595330
040 ## - CATALOGING SOURCE
Original cataloging agency DLC
Transcribing agency DLC
Modifying agency DLC
050 00 - LIBRARY OF CONGRESS CALL NUMBER
Classification number BF181
Item number .K35 2009
082 04 - DEWEY DECIMAL CLASSIFICATION NUMBER
Classification number 150/.7/24
Edition number 21
100 1# - MAIN ENTRY--PERSONAL NAME
Personal name Kantowitz, Barry H.
245 10 - TITLE STATEMENT
Title Experimental psychology /
Statement of responsibility, etc Barry H. Kantowitz, Henry L. Roediger III, David G. Elmes.
250 ## - EDITION STATEMENT
Edition statement 9th ed.
260 ## - PUBLICATION, DISTRIBUTION, ETC. (IMPRINT)
Place of publication, distribution, etc Australia ;
-- Belmont, CA :
Name of publisher, distributor, etc Wadsworth, Cengage Learning,
Date of publication, distribution, etc c2009.
300 ## - PHYSICAL DESCRIPTION
Extent xxiii, 551 p. :
Other physical details ill. ;
Dimensions 24 cm.
504 ## - BIBLIOGRAPHY, ETC. NOTE
Bibliography, etc Includes bibliographical references (p. 511-527) and indexes.
650 #0 - SUBJECT ADDED ENTRY--TOPICAL TERM
Topical term or geographic name as entry element Psychology, Experimental
Form subdivision Textbooks.
650 #0 - SUBJECT ADDED ENTRY--TOPICAL TERM
Topical term or geographic name as entry element Psychology
General subdivision Research
Form subdivision Textbooks.
700 1# - ADDED ENTRY--PERSONAL NAME
Personal name Roediger, Henry L.
700 1# - ADDED ENTRY--PERSONAL NAME
Personal name Elmes, David G.
856 42 - ELECTRONIC LOCATION AND ACCESS
Materials specified Contributor biographical information
Uniform Resource Identifier <a href="http://www.loc.gov/catdir/enhancements/fy1302/2008920142-b.html">http://www.loc.gov/catdir/enhancements/fy1302/2008920142-b.html</a>
856 42 - ELECTRONIC LOCATION AND ACCESS
Materials specified Publisher description
Uniform Resource Identifier <a href="http://www.loc.gov/catdir/enhancements/fy1302/2008920142-d.html">http://www.loc.gov/catdir/enhancements/fy1302/2008920142-d.html</a>
856 41 - ELECTRONIC LOCATION AND ACCESS
Materials specified Table of contents only
Uniform Resource Identifier <a href="http://www.loc.gov/catdir/enhancements/fy1302/2008920142-t.html">http://www.loc.gov/catdir/enhancements/fy1302/2008920142-t.html</a>
906 ## - LOCAL DATA ELEMENT F, LDF (RLIN)
a 7
b cbc
c origcop
d 3
e epcn
f 20
g y-gencatlg
942 ## - ADDED ENTRY ELEMENTS (KOHA)
Source of classification or shelving scheme
Koha item type Psychology
Holdings
Withdrawn status Lost status Source of classification or shelving scheme Damaged status Not for loan Collection code Permanent Location Current Location Shelving location Date acquired Total Checkouts Total Renewals Full call number Barcode Date last seen Date checked out Price effective from Koha item type
&nbsp; &nbsp; &nbsp; &nbsp; &nbsp; Psychology MAJU MAJU Shelf No.A35 2020-09-16 6 7 150/.7/24 9676 2025-05-05 2025-04-14 2020-09-16 Psychology

Powered by Koha